Métodos de la nueva educación

Salvato in:
Dettagli Bibliografici
Autori principali: Luzuriaga, Lorenzo (autor), Sáinz, Fernando (Autore), Ballesteros Beretta, Antonio (Autore), Serrano, Leonor (Autore), Sáinz-Amor, Concepción (Autore), Washburne, Carleton W (Autore), Comas, Margarita (Autore)
Natura: Libro
Lingua:spagnolo
Pubblicazione: Buenos Aires Losada 1973
Edizione:3a. ed
Serie:Publicaciones de la revista de pedagogía
Soggetti:
Tags: Aggiungi Tag
Nessun Tag, puoi essere il primo ad aggiungerne!!

MARC

LEADER 00000nam a2200000 a 4500
001 UCZ0719
003 CL-VaPUC
008 950809e19730000AG |||||||||||||||||spa|d
082 0 4 |a 371.3  |b LUZ  |2 21 
100 |a Luzuriaga, Lorenzo  |e autor  |9 599016 
700 0 |a Sáinz, Fernando  |e author  |9 343888 
700 0 |a Ballesteros Beretta, Antonio  |e author  |9 343889 
700 0 |a Serrano, Leonor  |e author  |9 343890 
700 0 |a Sáinz-Amor, Concepción  |e author  |9 343891 
700 0 |a Washburne, Carleton W  |e author  |9 343892 
700 0 |a Comas, Margarita  |e author  |9 343893 
245 1 0 |a Métodos de la nueva educación 
250 |a 3a. ed 
300 |a 440 p 
942 |c BK 
945 |d 19950809 00:00:00  |a cmena 
260 |a Buenos Aires  |b Losada  |c 1973 
650 0 |a Métodos de enseñanza  |9 270413 
650 0 |a Planificación de la educación   |9 307333 
650 0 |a Filosofía de la educación   |9 258384 
650 0 |a Innovaciones pedagógicas  |9 307471 
583 |a last modification  |c 20170926 09:51:34  |k Rodrigo Vera 
490 0 |a Publicaciones de la revista de pedagogía 
999 |c 237628  |d 237626 
952 |0 0  |1 0  |4 0  |6 371_300000000000000_LUZ_1973  |7 0  |8 P  |9 247063  |a BIBEDU  |b BIBEDU  |c BIBEDU_PB  |d 2019-11-18  |i 1552465  |o 371.3 LUZ 1973  |p 1552465  |r 2024-01-25  |w 2019-11-18  |y BK  |k EDU